Tercer seminario anual sobre análisis crítico de jurisprudencia, doctrina y estrategias concursales (Registro nro. 3374)

Detalles MARC
000 -LEADER
fixed length control field 01276 a2200229 4500
001 - CONTROL NUMBER
control field 41106
005 - DATE AND TIME OF LATEST TRANSACTION
control field 20260407155704.0
008 - FIXED-LENGTH DATA ELEMENTS--GENERAL INFORMATION
fixed length control field 260407a2001 arg spa d
003 - CONTROL NUMBER IDENTIFIER
control field AR-UNSa-BCEJYS
040 ## - CATALOGING SOURCE
Original cataloging agency AR-UNSa-BCEJYS
Language of cataloging spa
Transcribing agency AR-UNSa-BCEJYS
080 ## - UNIVERSAL DECIMAL CLASSIFICATION NUMBER
Universal Decimal Classification number 347.736
Common auxiliary subdivision Quiebra. Insolvencia. Suspensión de pagos. Bancarrota, procedimientos. Derecho Concursal
041 ## - LANGUAGE CODE
Language code of text/sound track or separate title spa
100 1# - MAIN ENTRY--PERSONAL NAME
Personal name Seminario anual sobre análisis crítico de jurisprudencia, doctrina y estrategias concursales
245 10 - TITLE STATEMENT
Title Tercer seminario anual sobre análisis crítico de jurisprudencia, doctrina y estrategias concursales
264 #1 - PRODUCTION, PUBLICATION, DISTRIBUTION, MANUFACTURE, AND COPYRIGHT NOTICE
Place of production, publication, distribution, manufacture Buenos Aires :
Name of producer, publisher, distributor, manufacturer AD-HOC
Date of production, publication, distribution, manufacture, or copyright notice 2001
300 ## - PHYSICAL DESCRIPTION
Extent 124 p.
Dimensions 23 cm.
505 ## - FORMATTED CONTENTS NOTE
Formatted contents note 1. Fueros de atracción y ejecuciones prendarias e hipotecarias - 2. Acción revocatoria concursal. Autorización de los acreedores - 3. Extensión de quiebra y acciones de responsabilidad - 4. Quiebra y bien de familia - 5. Contenido y homologación del acuerdo preventivo - 6. Aspectos societarios en concursos y quiebras
590 ## - LOCAL NOTE (RLIN)
Local note niveau_biblio:m niveau_hierar:0
700 1# - ADDED ENTRY--PERSONAL NAME
Personal name Fundación para la Investigación y Desarrollo de las Ciencias Jurídicas
856 41 - ELECTRONIC LOCATION AND ACCESS
Uniform Resource Identifier <a href="https://biblioeco.unsa.edu.ar/pmb/images/libros/L126369.jpg">https://biblioeco.unsa.edu.ar/pmb/images/libros/L126369.jpg</a>
Link text Imagen de portada
Electronic format type image/jpeg
942 ## - ADDED ENTRY ELEMENTS (KOHA)
Koha item type
Existencias
Withdrawn status Lost status Damaged status Not for loan Home library Current library Shelving location Date acquired Total checkouts Full call number Barcode Date last seen Price effective from Koha item type
        Biblioteca Prof. Eusebio Cleto del Rey Biblioteca Prof. Eusebio Cleto del Rey   07/04/2026   347.736 S471 L126369 07/04/2026 07/04/2026 Libro